Karma.

Podrobná bibliografia
Ďalší autori: Kysucký (Prekladateľ)
Médium: Článok
Jazyk:slovenčina

MARC

LEADER 00000nab a2200000uu 4500
001 vtls011511309
003 SK-MaSNL
005 20260303162409.0
008 230302|1898 xo |||||||||||||||||slo|
015 |a SNBRB 
035 |a (urnnbn)urn:nbn:sk:snk:ar-0016jh 
035 |a (uuid)b0f73d40-5bbd-4076-a8a2-611b53bcdefa 
035 |a urn:nbn:sk:snk-abe1y4 
040 |a SNKBUCL  |b slo  |c SNKBUCL  |e AACR2 
041 0 |a slo 
044 |a xo  |c SK 
245 0 0 |a Karma.  |c Kysucký 
700 1 |a Kysucký  |4 trl  |9 1099817 
773 0 |t Slovenské pohľady  |g Roč. 18, č. 6 (1898), s. 357-364 
958 |a OND 
958 |a EUIPO 
958 |a article21 
999 |c 2053813  |d 2055743